000 01196nam a22002297a 4500
003 KOHA_MİRAKIL
005 20260416105613.0
008 260416b tu ||||| |||| 00| 0 tur d
020 _a9755333606
040 _aTR-AnABB
_btur
_cTR-AnABB
041 _atur
082 _a327.561
_bKAR 2003
100 1 _aKarpat, Kemal H.
245 1 0 _aTürkiye ve orta Asya /
_cKemal H. Karpat ; çeviren: Hakan Gür
250 _a1. baskı
260 _aAnkara :
_bİmge Kitabevi yayınları,
_c2003
300 _a393 sayfa ;
_c20 cm
505 _aİçindekiler: Yeni devletlerde batılı siyasal kurumların kabulü - Yeni devletlerde ideoloji: Son mu başlangıç mı - Asya'da Tek ya da iki partili sistemler - Eski ve yeni orta asya - Kazak ulusçuluğunun kökleri: Etnik köken mi, İslam mı veya Toprak mı? - Yakup Bey'İn Osmanlı padişahlarıyla ilişkilerinin yeniden yorumlanması - Türk-Sovyet ilişkileri - Türk dış politikası - Orta Asya Devletlerinin dış politikasını şekillendiren sosyopolitik ortam - Orta Asya ülkeleri, Türkiye ve Iran'ın dış politikası
650 0 4 _aDış Politika, Türkiye
900 _bCan ÇELIK
942 _2ddc
_cBK
999 _c10284
_d10284